El protocolo de Estambul de Naciones Unidas y la investigación de la tortura y otros tratos o penas crueles, inhumanos o degradantes durante la dictadura en Chile.

Salvato in:
Dettagli Bibliografici
Autore principale: Rosentreter Zamora, Jeannette (autora)
Natura: Libro
Pubblicazione: Valparaíso, Chile: Ediciones Universitarias de Valparaíso, 2022.
Soggetti:
Tags: Aggiungi Tag
Nessun Tag, puoi essere il primo ad aggiungerne!!

MARC

LEADER 00000nam a22000007a 4500
003 CL-VaPUC
005 20230321094302.0
008 230314t2022 ||||| |||| 00| 0 eng d
999 |c 440139  |d 440137 
020 |a 978-956-17-1003-2 
040 |c Pontificia Universidad Católica de Valparaíso 
082 |2 22  |a 341.48 ROS 2022 
100 |a Rosentreter Zamora, Jeannette  |9 757012  |e autora 
245 1 3 |a El protocolo de Estambul de Naciones Unidas y la investigación de la tortura y otros tratos o penas crueles, inhumanos o degradantes durante la dictadura en Chile.  |b   
260 |a Valparaíso, Chile:  |b Ediciones Universitarias de Valparaíso,   |c 2022. 
300 |a 78 páginas.  
500 |a Donación EUV GDE 8-3-2023 
583 |c 20230314  |k GC 
650 0 |9 255793  |a Tortura  |v Aspectos jurídicos  |x Derechos humanos  
650 0 |9 255793  |a Tortura  |v Estándares internacionales  |x Protocolo de Estambul 
650 0 |9 255793  |a Tortura  |v Investigación criminal   |x Prevención y control   |z Chile  
942 |2 ddc  |c BK 
952 |0 0  |1 0  |2 ddc  |4 0  |6 341_480000000000000_ROS_2022  |7 0  |8 A  |9 589033  |a BIBDER  |b BIBDER  |c GEN  |d 2023-03-14  |e Donación   |i 5656635  |l 3  |m 1  |o 341.48 ROS 2022  |p 5656635  |r 2024-09-12  |s 2024-09-05  |t 1  |w 2023-03-14  |y BK  |k DER